Những luận thuyết nổi tiếng thế giới

Shranjeno v:
Bibliografske podrobnosti
Glavni avtor: Vũ, Đình Phòng
Drugi avtorji: Lê, Huy Hòa
Format: Knjiga
Jezik:Undetermined
Izdano: H. Văn hóa thông tin 1999
Teme:
Online dostop:http://lrc.tdmu.edu.vn/opac/search/detail.asp?aID=2&ID=6423
Oznake: Označite
Brez oznak, prvi označite!
Thư viện lưu trữ: Trung tâm Học liệu Trường Đại học Thủ Dầu Một
LEADER 00741nam a2200205Ia 4500
001 TDMU_6423
008 210410s9999 xx 000 0 und d
082 |a 140 
090 |b V500 
100 |a Vũ, Đình Phòng 
245 0 |a Những luận thuyết nổi tiếng thế giới 
245 0 |c Vũ Đình Phòng, Lê Huy Hòa (biên soạn) 
260 |a H. 
260 |b Văn hóa thông tin 
260 |c 1999 
300 |a 519tr. 
650 |a Luận thuyết nổi tiếng; Luận thuyết; Quan điểm; Tư tưởng 
700 |a Lê, Huy Hòa 
856 |u http://lrc.tdmu.edu.vn/opac/search/detail.asp?aID=2&ID=6423 
980 |a Trung tâm Học liệu Trường Đại học Thủ Dầu Một